Bihar - State Quiz - Statistics

General Stats
  • This quiz has been taken 146 times
  • The average score is 12 of 24
Answer Stats
Hint Answer % Correct
Official languages Hindi
93%
Capital and largest city Patna
92%
River which bisects the state into two unequal halves Ganges
87%
Bordering country Nepal
70%
Bihar is the birthplace of two religions. Name either. Buddhism | Jainism
62%
Mountain range found in the northern part Shivalik
60%
Ancient university destroyed by Bakhtiyar Khalji Nalanda
56%
National aquatic animal of India, about half of which is found in this state River {dolphin}
56%
India's first empire {Mauryan} Empire
54%
Empire which ruled over north India during the "Golden Age of India" {Gupta} Empire
53%
Wife of Rama, born in the above region Sita
53%
Religious site where Buddha attained enlightenment Bodh Gaya
52%
River known as the "Sorrow of Bihar" causing annual floods Koshi
51%
State that was separated from it in 2000 Jharkhand
49%
Annual festival celebrated to thank the Sun for bestowing life on the Earth Chhath
48%
India's first president, a native of this state Rajendra Prasad
41%
Urdu
41%
Mathematician and astronomer, often credited as the "inventor" of zero Aryabhata
40%
Which fruit is the city of Muzaffarpur famous for? Lychees
38%
Biharis are the majority in this island nation in the Indian Ocean Mauritius
32%
English author born in Motihari, known for 1984 and Animal Farm George Orwell
27%
Indian musician credited with popularising the shehnai, a clarinet-like instrument Bismillah Khan
21%
Transboundary region found in the north part of this state Mithila
19%
Greek historian and diplomat known for his now lost book Indika Megasthenes
17%
No matching quizzes found
Score Distribution
Percent of People with Each Score
Percentile by Number Answered
Your Score History
You have not taken this quiz